00366nam a2200145Ia 4500008004100000082001300041100001500054245005200069250000800121260002600129300000800155500002500163650001400188700001800202230524s9999 xx 000 0 und d a604bTHA aD.N.Thatoi 0aProblems and Solutions of Engineering Mechanics a1ST aNEW DELHIbAlokc2005 a564 aQuantity Number: 30 aMechanics a B.C. Routray